Giants in the earth : a saga of the prairie

Bewaard in:
Bibliografische gegevens
Hoofdauteur: Rölvaag, O.E
Formaat: Boek
Taal:Undetermined
Gepubliceerd in: New York, Estados Unidos Harper and Row 1927
Onderwerpen:
Tags: Voeg label toe
Geen labels, Wees de eerste die dit record labelt!

MARC

LEADER 00000nam a2200000Ia 4500
008 170316s9999 xx 000 0 und d
090 |a 800-N R-1g 
100 |a Rölvaag, O.E. 
245 |a Giants in the earth : a saga of the prairie 
260 |a New York, Estados Unidos 
260 |b Harper and Row 
260 |c 1927 
300 |a 453 páginas 
650 |a OTRAS LITERATURAS - NORUEGA 
999 |c 19944  |d 19944 
040 |a cru BVZT 
942 |c 15 D  |h 800-N R-1g  |2 z